| 000 | 00505nam a2200169 a 4500 | ||
|---|---|---|---|
| 001 | 4729 | ||
| 003 | CDMR | ||
| 005 | 20130320111203.0 | ||
| 008 | 130130s2008||||||||||||||||||||||||||||d | ||
| 020 | _a9788484960553 | ||
| 040 |
_aCDMR _bcat _cCPC GIRONA |
||
| 110 | 1 |
_91047 _aGirona _b -- Ajuntament |
|
| 245 | 0 |
_aGuia municipal de les entitats de Girona _c[direcció: David Pujol ; redacció: Francesc Montero] |
|
| 260 |
_c2008 _bAjuntament de Girona _aGirona |
||
| 490 | 0 |
_aGuies Urbanes _v12 |
|
| 942 |
_cMON _2ddc |
||
| 999 |
_c4729 _d4729 |
||